Every Club Adebayo Akinfenwa has Played For - Statistics

General Stats
  • This quiz has been taken 4 times
  • The average score is 9 of 17
Answer Stats
Country Year Appearances Goals Answer % Correct
England 2016-2022 219 52 Wycombe Wanderers
100%
England 2004 9 4 Doncaster Rovers
67%
England 2010-2011 44 11 Gillingham FC
67%
England 2013-2014 34 10 Gillingham FC
67%
England 2003 1 0 Leyton Orient
67%
England 2008-2010 88 37 Northampton Town
67%
England 2011-2013 80 34 Northampton Town
67%
England 2004-2005 37 14 Torquay United
67%
England 2014-2016 83 19 AFC Wimbledon
33%
England 2002 9 6 Barry Town
33%
England 2003 3 0 Boston United
33%
England 2023 2 0 Faversham Town
33%
Lithuania 2001-2002 22 5 FK Atlantas
33%
Lithuania 2002 0 0 Laisve Silute
33%
England 2007-2008 7 0 Milwall
33%
England 2003-2004 0 0 Rushden & Diamonds FC
33%
England 2005-2007 59 14 Swansea City
33%
No matching quizzes found
Score Distribution
Percent of People with Each Score
Percentile by Number Answered
Your Score History
You have not taken this quiz